[Event "URS Cup"]
[Site "URS"]
[Date "1984.??.??"]
[Round "?"]
[White "Mikhalchishin, Adrian"]
[Black "Kupreichik, Viktor D"]
[Result "1/2-1/2"]
[WhiteElo "2480"]
[BlackElo "2480"]

1.e4 c5 2.Nf3 d6 3.d4 cxd4 4.Nxd4 Nf6 5.Nc3 Nc6 6.Bg5 e6 7.Qd2 Be7 8.O-O-O O-O
9.f4 h6 10.Bh4 d5 11.e5 Nd7 12.Bxe7 Qxe7 13.Kb1 Nb6 14.Be2 Bd7 15.Qe3 Na5
16.b3 Qb4 17.Ncb5 Bxb5 18.Bxb5 Rfc8 19.Qd2 Qa3 20.c3 Nac4 21.bxc4 dxc4 22.f5 Rc5
23.fxe6 fxe6 24.Ka1 a6 25.Nxe6 Rxe5 26.Nc7 Rc8 27.Qd4 Qc5 28.Qxc5 Rxc5 29.Bxa6 R8xc7
30.Rd8+ Kh7 31.Rb1 Na4 32.Rxb7 Re5 33.Rd1 Rcc5 34.Rc1 Re3 35.Rb4 Nxc3 36.Rxc4 Nxa2
37.Rxc5 Nxc1 38.Rxc1 Ra3+ 39.Kb2 Rxa6 40.Rc4 h5 41.g3 Kg6 42.Kc3 Ra2 43.Rh4 Kh6
44.Kd3 g5 45.Rb4 Rxh2 46.Rb6+ Kg7 47.Ke3  1/2-1/2

[Event "Valjevo"]
[Site "Valjevo"]
[Date "1984.??.??"]
[Round "3"]
[White "Kostic, Vladimir"]
[Black "Campos Moreno, Javier B"]
[Result "0-1"]
[WhiteElo "2300"]
[BlackElo "2415"]

1.e4 c5 2.Nf3 Nc6 3.d4 cxd4 4.Nxd4 Nf6 5.Nc3 d6 6.Bg5 e6 7.Qd2 Be7 8.O-O-O O-O
9.f3 a6 10.h4 Nxd4 11.Qxd4 Qa5 12.Bd2 Qc5 13.Qxc5 dxc5 14.Bg5 h6 15.Bxf6 gxf6
16.Na4 b5 17.Nb6 Ra7 18.Nxc8 Rxc8 19.c4 b4 20.Be2 a5 21.Rd3 a4 22.Rhd1 f5
23.exf5 Bxh4 24.fxe6 Bg5+ 25.Kc2 fxe6 26.Rd6 Kf7 27.Rd7+ Rxd7 28.Rxd7+ Kf6
29.Bd3 Be3 30.Bh7 Ra8 31.Kd3 Bc1 32.b3 axb3 33.axb3 Bf4 34.Ke4 Bc1 35.f4 Ra2
36.g4 Rb2 37.Rc7 Rg2 38.Kf3 Rb2 39.Rxc5 Rxb3+ 40.Ke4 Re3+ 41.Kd4 Rg3 42.g5+ hxg5
43.fxg5+ Bxg5 44.Rb5 Be3+ 45.Ke4 Bf2 46.Kf4 Rh3 47.Bb1 Rb3 48.Bh7 Re3 49.Kg4 b3
50.c5 Ke5 51.Kh5 Kd5 52.Bg8 Kc6 53.Rb8 Kd5 54.Kg6 Rg3+ 55.Kf7 Bxc5 56.Rb5 Rf3+
57.Ke8 Kc6  0-1

[Event "Vrnjacka Banja"]
[Site "Vrnjacka Banja"]
[Date "1984.??.??"]
[Round "?"]
[White "Matulovic, Milan"]
[Black "Martinovic, Slobodan"]
[Result "1-0"]
[WhiteElo "2465"]
[BlackElo "2460"]

1.e4 c5 2.Nf3 d6 3.d4 cxd4 4.Nxd4 Nf6 5.Nc3 Nc6 6.Bg5 e6 7.Qd2 a6 8.O-O-O h6
9.Be3 Be7 10.f3 Nxd4 11.Bxd4 e5 12.Be3 Be6 13.g4 Rc8 14.Nd5 Bxd5 15.exd5 Nd7
16.Kb1 Bg5 17.h4 Bxe3 18.Qxe3 Qf6 19.Rd4 Qe7 20.Rb4 Nc5 21.a4 O-O 22.g5 h5
23.Bh3 Rce8 24.a5 Qc7 25.Qa3 g6 26.Re1 f5 27.gxf6 Rxf6 28.f4 e4 29.Rc4 b5
30.axb6 Qxb6 31.f5 gxf5 32.Rg1+ Kf7 33.Qg3 Ke7 34.Qg7+ Rf7 35.Qg5+ Kd7 36.Bxf5+ Kc7
37.Bg6 Rg7 38.Qf6 Reg8 39.Rg5 Kb8 40.Bxe4 Nxe4 41.Rxe4 Rxg5 42.hxg5  1-0

[Event "Vrnjacka Banja"]
[Site "Vrnjacka Banja"]
[Date "1984.??.??"]
[Round "?"]
[White "Matulovic, Milan"]
[Black "Vaisser, Anatoli"]
[Result "1/2-1/2"]
[WhiteElo "2465"]
[BlackElo "2475"]

1.e4 c5 2.Nf3 d6 3.d4 cxd4 4.Nxd4 Nf6 5.Nc3 Nc6 6.Bg5 e6 7.Qd2 a6 8.O-O-O h6
9.Bf4 Bd7 10.Nxc6 Bxc6 11.Qe1 Be7 12.Kb1 Qc7 13.e5 dxe5 14.Bxe5 Qb6 15.f3 O-O
16.Bd3 Nd7 17.Bd4 Bc5 18.Bxc5 Nxc5 19.Qe3 Qa7 20.Rhe1 Rfd8 21.Bf1 b6 22.Rxd8+ Rxd8
23.Rd1 Rxd1+ 24.Nxd1 Qd7 25.Nc3 Qd6 26.f4 Ne4 27.Nxe4 Bxe4 28.Kc1 Qc6 29.Qe2 f5
30.g3 Qc5 31.b3 a5 32.a4 Qa3+ 33.Kd2 Qb4+ 34.Kc1 Kh7 35.Bg2 Qa3+ 36.Kd2 Qd6+
37.Ke1 Bxg2 38.Qxg2 e5 39.fxe5 Qxe5+ 40.Qe2 Qc5 41.Kf1 Kg6 42.Kg2 Kf6 43.Qd3 g5
44.c3 Ke5 45.Qe2+ Kf6 46.Qd2 Ke5 47.Qe2+ Kf6  1/2-1/2

[Event "Vrnjacka Banja"]
[Site "Vrnjacka Banja"]
[Date "1984.??.??"]
[Round "?"]
[White "Mirkovic, Slobodan"]
[Black "Martinovic, Slobodan"]
[Result "1-0"]
[WhiteElo "2295"]
[BlackElo "2460"]

1.e4 c5 2.Nf3 d6 3.Nc3 Nc6 4.d4 cxd4 5.Nxd4 Nf6 6.Bg5 e6 7.Qd2 a6 8.O-O-O h6
9.Be3 Be7 10.f3 Nxd4 11.Qxd4 e5 12.Qd2 Be6 13.Kb1 Qc7 14.Nd5 Nxd5 15.exd5 Bd7
16.Bd3 f5 17.g4 fxg4 18.Bg6+ Kf8 19.fxg4 Bf6 20.Rdg1 Be8 21.Bxe8 Kxe8 22.h4 Kd7
23.g5 hxg5 24.hxg5 Be7 25.Qb4 Raf8 26.Bb6 Qb8 27.Qa4+  1-0

[Event "Vrnjacka Banja"]
[Site "Vrnjacka Banja"]
[Date "1984.??.??"]
[Round "?"]
[White "Hazai, Laszlo"]
[Black "Damljanovic, Branko"]
[Result "0-1"]
[WhiteElo "2460"]
[BlackElo "2400"]

1.e4 c5 2.Nf3 Nc6 3.d4 cxd4 4.Nxd4 Nf6 5.Nc3 d6 6.Bg5 e6 7.Qd2 a6 8.O-O-O Bd7
9.f4 b5 10.Bxf6 gxf6 11.Kb1 Qb6 12.Nce2 h5 13.g3 Na5 14.b3 O-O-O 15.Bg2 Kb8
16.Rhf1 Be7 17.Qe1 Rc8 18.e5 Rc7 19.exd6 Bxd6 20.Nc6+ Bxc6 21.Rxd6 Qc5 22.Qxa5 Bxg2
23.Rb6+ Bb7 24.c4 bxc4 25.Qxa6 Rd8 26.Rc1 Rdd7 27.Rxb7+ Rxb7 28.Qxc4 Qxc4
29.Rxc4 Rd2 30.Rc2 Rbd7 31.Kc1 Rd1+ 32.Kb2 R7d2 33.Kc3 Rxc2+ 34.Kxc2 Rh1
35.h4 Kb7 36.b4 Kc6 37.a4 Ra1 38.Nc3 Rg1 39.a5 Rxg3 40.b5+ Kc7 41.Kb3 Rh3
42.Kb4 Rxh4 43.a6 Rxf4+ 44.Ka5 h4 45.b6+ Kc6 46.b7 Rf5+ 47.Kb4 Kc7 48.Nb5+ Rxb5+
49.Kxb5 h3  0-1

[Event "Hoogovens-B"]
[Site "Wijk aan Zee"]
[Date "1984.??.??"]
[Round "4"]
[White "De Wit, Johannes S"]
[Black "Langeweg, Kick"]
[Result "1/2-1/2"]
[WhiteElo "2395"]
[BlackElo "2400"]

1.e4 c5 2.Ne2 Nc6 3.d4 cxd4 4.Nxd4 Nf6 5.Nc3 d6 6.Bg5 e6 7.Qd2 Be7 8.O-O-O O-O
9.f4 h6 10.Bh4 e5 11.Nf5 Bxf5 12.exf5 exf4 13.Bb5 d5 14.Qxf4 Qb6 15.Bf2 Bc5
16.Na4 Qxb5 17.Nxc5 Rac8 18.a4 Qb4 19.Qxb4 Nxb4 20.Rd2 Rfe8 21.Bd4 b6 22.Bxf6 bxc5
23.Bh4  1/2-1/2

[Event "Aarhus-B"]
[Site "Aarhus"]
[Date "1985.??.??"]
[Round "4"]
[White "Jensen, Vagn"]
[Black "Rasmussen, Karsten"]
[Result "0-1"]
[WhiteElo "2210"]
[BlackElo "2295"]

1.e4 c5 2.Nf3 Nc6 3.d4 cxd4 4.Nxd4 Nf6 5.Nc3 d6 6.Bg5 e6 7.Be2 Be7 8.Qd2 O-O
9.h4 Bd7 10.O-O-O a6 11.Nf3 Qa5 12.Kb1 Rfd8 13.Rhe1 b5 14.Bd3 b4 15.Ne2 Qb6
16.Be3 Qb7 17.Ned4 a5 18.Bg5 a4 19.Nxc6 Bxc6 20.Qe2 h6 21.Bc1 b3 22.cxb3 axb3
23.a3 Ra4 24.e5 Nd5 25.Bd2 Nf4 26.Bxf4 Rxf4 27.exd6 Bxd6 28.Ne5 Bxg2 29.Rg1 Be4
30.Bxe4 Rxe4 31.Qf3 f5 32.Rd3 Qc7 33.Rc1 Qb7 34.Rxb3 Qd5 35.Nc6 Rd7 36.Rd1 Qxc6  0-1

[Event "URS-ch sf"]
[Site "Aktjubinsk"]
[Date "1985.??.??"]
[Round "?"]
[White "Tseshkovsky, Vitaly"]
[Black "Kachur, Alexander"]
[Result "1-0"]
[WhiteElo "2470"]
[BlackElo "2200"]

1.e4 c5 2.Nf3 d6 3.d4 cxd4 4.Nxd4 Nf6 5.Nc3 Nc6 6.Bg5 e6 7.Qd2 a6 8.O-O-O h6
9.Be3 Be7 10.f3 Nxd4 11.Bxd4 b5 12.h4 Qa5 13.Qf2 Rb8 14.Kb1 b4 15.Ne2 Qc7
16.g4 a5 17.Ng3 d5 18.Bxf6 Bxf6 19.Nh5 dxe4 20.Nxf6+ gxf6 21.fxe4 Qe5 22.Bd3 a4
23.Rhf1 Ke7 24.b3 Bd7 25.bxa4 Rhc8 26.g5 hxg5 27.hxg5 Qxg5 28.Bb5 Bxb5 29.axb5 Rxb5
30.Qa7+ Kf8 31.Rh1 Qg7 32.Qd7 Rbc5 33.Rdg1  1-0

[Event "URS-ch sf"]
[Site "Aktjubinsk"]
[Date "1985.??.??"]
[Round "?"]
[White "Kozlov, Vladimir N"]
[Black "Kachur, Alexander"]
[Result "1-0"]
[WhiteElo "2415"]
[BlackElo "2200"]

1.e4 c5 2.Nf3 d6 3.d4 cxd4 4.Nxd4 Nf6 5.Nc3 Nc6 6.Bg5 e6 7.Qd2 a6 8.O-O-O h6
9.Be3 Be7 10.f4 Nxd4 11.Bxd4 b5 12.Bd3 Bb7 13.Rhe1 O-O 14.Kb1 b4 15.Na4 d5
16.e5 Nd7 17.f5 Bc6 18.b3 Bxa4 19.bxa4 Bc5 20.Be3 Bxe3 21.Rxe3 exf5 22.Bxf5 Nb6
23.Rg3 Kh8 24.Qxb4 Qe8 25.Rxg7 Kxg7 26.Qg4+ Kh8 27.Qh4 Qc6 28.e6 Kg7 29.Qd4+ f6
30.Qg4+ Kh8 31.Qg6 Qb7 32.Qxh6+ Kg8 33.Rd3 Nxa4+ 34.Rb3 Nc3+ 35.Kb2 Qg7 36.Qxg7+ Kxg7
37.Rb7+ Kh6 38.Kxc3 Rab8 39.Rd7 Rfc8+ 40.Kd3 Kg5 41.g4 Rb1 42.Rg7+ Kf4 43.e7 Rh8
44.Kd4 Re1 45.Bd7 Re5 46.h4  1-0

[Event "URS-ch sf"]
[Site "Aktjubinsk"]
[Date "1985.??.??"]
[Round "?"]
[White "Dvoirys, Semen I"]
[Black "Kachur, Alexander"]
[Result "1-0"]
[WhiteElo "2445"]
[BlackElo "2200"]

1.e4 c5 2.Nf3 d6 3.d4 cxd4 4.Nxd4 Nf6 5.Nc3 Nc6 6.Bg5 e6 7.Qd2 a6 8.O-O-O h6
9.Be3 Be7 10.f4 Nxd4 11.Bxd4 b5 12.Bd3 Bb7 13.Rhe1 O-O 14.Kb1 b4 15.Na4 Bc6
16.Nb6 Rb8 17.Nc4 d5 18.Ne5 Bb7 19.exd5 Nxd5 20.f5 Bg5 21.Qf2 a5 22.Bc5 Bh4
23.g3 Be7 24.Bxe7 Qxe7 25.fxe6 fxe6 26.Qe2 Qc7 27.Qh5 Ne7 28.Qg4 Bd5 29.Ng6 Rf6
30.Nf4 Qc6 31.Rf1 Rbf8 32.Rf2 R8f7 33.Rdf1 Be4 34.Bxe4 Qxe4 35.Re2 Qc4 36.Rfe1 Nf5
37.Re4 Qc8 38.Nh5 a4 39.Nxf6+ Rxf6 40.Rxb4 Ne3 41.Qe2 Nd5 42.Rxa4 Qb7 43.Rc4 Qb6
44.a3  1-0

[Event "Albena"]
[Site "Albena"]
[Date "1985.??.??"]
[Round "?"]
[White "Ermenkov, Evgenij"]
[Black "Toshkov, Tihomir"]
[Result "1-0"]
[WhiteElo "2500"]
[BlackElo "2420"]

1.e4 c5 2.Nf3 d6 3.d4 cxd4 4.Nxd4 Nf6 5.Nc3 Nc6 6.Bg5 e6 7.Qd2 Be7 8.O-O-O O-O
9.Nb3 a5 10.Nd4 d5 11.exd5 exd5 12.Bb5 Bd7 13.Rhe1 Rc8 14.Kb1 h6 15.Bxf6 Bxf6
16.Nxd5 Bg4 17.Nf3 Bf5 18.Qc1 Kh8 19.Ne7 Nxe7 20.Rxd8 Rfxd8 21.Re2 Nd5 22.a3 Rc5
23.Ba4 Rd6 24.Ka1 b5 25.Bb3 a4 26.Bxd5 Rcxd5 27.Qf4 Rd1+ 28.Ka2 R6d5 29.h4 Be6
30.Rxe6 fxe6 31.c4 R5d3 32.cxb5 Rb3 33.Ne5 Bxe5 34.Qxe5 Rd2 35.g4 Rd5 36.Qxe6 Rdxb5
37.Qc8+ Kh7 38.Qc2+ Kh8 39.f4 Rb8 40.f5 R3b5 41.g5 R5b7 42.Ka1 Rb6 43.Qf2 Kg8
44.Qd4 Kh7 45.f6 gxf6 46.gxf6 Kg6 47.Qe5 R8b7 48.h5+ Kf7 49.Qf5 Kf8 50.Qg6 Rf7
51.Qxh6+ Kg8 52.Qg6+ Kf8 53.Qg4 Rfxf6 54.Qxa4 Ke7 55.Qg4 Kd8 56.Ka2 Kc7 57.a4 Kb7
58.Ka3 Rbd6 59.a5 Ka7 60.b4 Rf7 61.Ka4 Rh7 62.Qg1+ Kb7 63.b5 Rdh6 64.a6+ Kc7
65.Qc5+ Kb8 66.b6  1-0

[Event "Bayern-ch"]
[Site "Ansbach"]
[Date "1985.??.??"]
[Round "3"]
[White "Ruehrig, Volkhard"]
[Black "Rosenberger, Berthold"]
[Result "0-1"]
[WhiteElo "2375"]
[BlackElo "2310"]

1.e4 c5 2.Nf3 d6 3.d4 cxd4 4.Nxd4 Nf6 5.Nc3 Nc6 6.Bg5 e6 7.Qd2 a6 8.O-O-O Bd7
9.f4 h6 10.Bh4 g5 11.fxg5 Ng4 12.Bg3 hxg5 13.Nxc6 Bxc6 14.Qe2 Nf6 15.Bxd6 Bxd6
16.e5 Nd5 17.Nxd5 Bxd5 18.exd6 Qxd6 19.Rd4 Rh4 20.Rxh4 gxh4 21.Qg4 O-O-O
22.Bd3 f5 23.Qxh4 Bxg2 24.Rd1 Bf3 25.Qc4+ Kb8 26.Re1 Be4 27.Rd1 Rc8 28.Qb3 Bd5
29.Qa4 Qxh2 30.Qd4 Qc7 31.b3 f4 32.Rf1 f3 33.c4 Bc6 34.Qe3 Rd8 35.Bc2 Qg7
36.b4 e5 37.a4 e4 38.b5 axb5 39.axb5 Qa1+ 40.Bb1 Rd3 41.Qf4+ Ka7 42.Rf2 Qa3+  0-1

[Event "ITA-ch44"]
[Site "Arcidosso"]
[Date "1985.??.??"]
[Round "9"]
[White "Belotti, Bruno"]
[Black "Ceschia, Ivano"]
[Result "1-0"]
[WhiteElo "2270"]
[BlackElo "2215"]

1.e4 c5 2.Nf3 d6 3.d4 cxd4 4.Nxd4 Nf6 5.Nc3 Nc6 6.Bg5 e6 7.Qd2 a6 8.O-O-O h6
9.Be3 Nxd4 10.Bxd4 b5 11.f3 Bb7 12.Kb1 Be7 13.g4 Bc6 14.Qf2 Qb8 15.Bd3 Qb7
16.h4 b4 17.Ne2 e5 18.g5 exd4 19.gxf6 Bxf6 20.Bc4 d5 21.exd5 Bxd5 22.Bxd5 Qxd5
23.Nf4 Qf5 24.Rhe1+ Kf8 25.Ne2 g6 26.Nxd4 Qh5 27.Re4 Kg7 28.Ne6+ fxe6 29.Rd7+ Kg8
30.Rxe6 Rf8 31.Qe3 Rh7 32.Rxh7 Kxh7 33.Rxf6 Rxf6 34.Qe7+ Kg8 35.Qxf6 g5 36.Qe6+ Kg7
37.Qe7+ Kg8 38.Qd8+ Kf7 39.Qd7+ Kg8 40.Qd5+ Kg7 41.Qe5+  1-0

[Event "Baden-Baden"]
[Site "Baden-Baden"]
[Date "1985.??.??"]
[Round "12"]
[White "Kindermann, Stefan"]
[Black "Witt, Rob"]
[Result "0-1"]
[WhiteElo "2480"]
[BlackElo "2295"]

1.e4 c5 2.Nf3 d6 3.d4 Nf6 4.Nc3 cxd4 5.Nxd4 Nc6 6.Bg5 e6 7.Qd2 Be7 8.O-O-O O-O
9.Nb3 a6 10.Bxf6 gxf6 11.Bd3 Kh8 12.f4 Rg8 13.Rhg1 b5 14.Kb1 b4 15.Ne2 a5
16.Nbd4 Nxd4 17.Nxd4 Qb6 18.Nf3 Bb7 19.Qe2 Qc5 20.f5 Rab8 21.fxe6 fxe6 22.Bb5 f5
23.Bd3 Bf6 24.Rge1 a4 25.Qd2 a3 26.Qh6 Rg6 27.Qh3 Rg7 28.exf5 Bd5 29.Qh6 Rf8
30.Rxe6 axb2 31.c4 bxc3 32.Rxf6 Ra8 33.Rf8+ Rxf8 34.f6 Bxa2+ 35.Kxa2 Ra8+
36.Kb1 c2+ 37.Bxc2 Ra1+ 38.Kxb2 Qa3+  0-1

[Event "Biel Interzonal"]
[Site "Biel"]
[Date "1985.??.??"]
[Round "16"]
[White "Jansa, Vlastimil"]
[Black "Rodriguez, Amador"]
[Result "0-1"]
[WhiteElo "2480"]
[BlackElo "2505"]

1.e4 c5 2.Nf3 d6 3.d4 cxd4 4.Nxd4 Nf6 5.Nc3 Nc6 6.Bg5 e6 7.Qd2 a6 8.O-O-O Bd7
9.f4 h6 10.Bh4 g5 11.fxg5 Ng4 12.Nxc6 Bxc6 13.Be2 Ne5 14.g3 Ng6 15.Rhf1 h5
16.Kb1 Qc7 17.Bd3 Bg7 18.e5 Bxe5 19.Qf2 Rd8 20.Ne4 Bxe4 21.Bxe4 Rd7 22.Rd3 Rg8
23.Rb3 d5 24.Bxg6 Rxg6 25.Qe2 Qc4 26.Rd3 Bg7 27.Qxh5 e5 28.Rxf7 Rxf7 29.Qxg6 Kf8
30.Qd6+ Kg8 31.Qe6 d4 32.Qe8+ Rf8 33.Qh5 e4 34.g6 Rf2 35.Qh7+ Kf8 36.Be7+ Ke8  0-1

[Event "Bor"]
[Site "Bor"]
[Date "1985.??.??"]
[Round "?"]
[White "Campora, Daniel H"]
[Black "Popovic, Petar"]
[Result "0-1"]
[WhiteElo "2485"]
[BlackElo "2540"]

1.e4 c5 2.Nf3 d6 3.d4 cxd4 4.Nxd4 Nf6 5.Nc3 Nc6 6.Bg5 e6 7.Qd2 Be7 8.O-O-O O-O
9.Nb3 a6 10.Bxf6 gxf6 11.Qh6 Kh8 12.Qh5 Qe8 13.f4 Rg8 14.g3 b5 15.Bh3 b4
16.Ne2 a5 17.Nbd4 Nxd4 18.Nxd4 Bd7 19.Kb1 a4 20.Rc1 Bd8 21.c4 bxc3 22.Rxc3 Ra5
23.Qe2 Bb6 24.Rd1 Bc5 25.f5 e5 26.Nc2 Bc6 27.Bg2 Qa8 28.Qc4 Qb7 29.Ka1 Rb8
30.Rb1 Qa7 31.Qd3 Rab5 32.Na3 Rb4 33.Nc2 R4b5 34.Na3 Rb4 35.Nc2 R4b7 36.Qd2 Qa5
37.Rd3 Qxd2 38.Rxd2 Kg7 39.Rd3 Ra7 40.Rc3 Kf8 41.b4 axb3 42.Rcxb3 Rxb3 43.Rxb3 Ra4
44.Ne3 Bxe4 45.Bxe4 Rxe4 46.Nd5 Kg7 47.h3 Rd4 48.Nc7 Kh6 49.h4 e4 50.Kb1 Kh5
51.Ne8 Kg4 52.Nxf6+ Kxf5 53.Nxh7 d5 54.Ng5 f6 55.Nf7 Rc4 56.Nh6+ Ke6 57.Ng4 f5
58.Nh2 d4 59.h5 d3 60.Nf1 Rc2  0-1

[Event "Borgarnes"]
[Site "Borgarnes"]
[Date "1985.??.??"]
[Round "1"]
[White "Hansson, Dan"]
[Black "Thorsteins, Karl"]
[Result "1/2-1/2"]
[WhiteElo "2330"]
[BlackElo "2400"]

1.e4 c5 2.Nf3 Nc6 3.d4 cxd4 4.Nxd4 Nf6 5.Nc3 d6 6.Bg5 e6 7.Qd2 Be7 8.O-O-O O-O
9.Nb3 a5 10.Nd4 d5 11.exd5 Nxd5 12.Bxe7 Ncxe7 13.Bc4 Nb6 14.Bd3 Bd7 15.Rhe1 Nbd5
16.Nxd5 Nxd5 17.Bc4 Nb6 18.Bd3 Qc7 19.Re3 Nd5 20.Rg3 Rfd8 21.Kb1 Nf4 22.Ne2 e5
23.Nxf4 exf4 24.Rg5 Be6 25.Re1 g6  1/2-1/2

[Event "Borgarnes"]
[Site "Borgarnes"]
[Date "1985.??.??"]
[Round "9"]
[White "Jansa, Vlastimil"]
[Black "Thorsteins, Karl"]
[Result "1/2-1/2"]
[WhiteElo "2465"]
[BlackElo "2400"]

1.e4 c5 2.Nf3 Nc6 3.d4 cxd4 4.Nxd4 Nf6 5.Nc3 d6 6.Bg5 e6 7.Qd2 Be7 8.O-O-O O-O
9.Nb3 d5 10.exd5 Nxd5 11.Bxe7 Ndxe7 12.Qxd8 Rxd8 13.Be2 b6 14.Bf3 Bb7 15.Nb5 Kf8
16.Rhe1 g6 17.a3 h5 18.h3 Kg7 19.g4 hxg4 20.hxg4 Rab8 21.Rxd8  1/2-1/2

[Event "Brussels OHRA"]
[Site "Brussels"]
[Date "1985.??.??"]
[Round "?"]
[White "Sax, Gyula"]
[Black "Van der Wiel, John TH"]
[Result "1/2-1/2"]
[WhiteElo "2565"]
[BlackElo "2500"]

1.e4 c5 2.Nf3 d6 3.d4 cxd4 4.Nxd4 Nf6 5.Nc3 Nc6 6.Bg5 e6 7.Qd2 Be7 8.O-O-O O-O
9.Nb3 a6 10.Bxf6 gxf6 11.h4 b5 12.g4 b4 13.Ne2 a5 14.Nbd4 Nxd4 15.Nxd4 Bb7
16.g5 f5 17.Rg1 f4 18.h5 e5 19.h6  1/2-1/2

[Event "Budapest Elekes"]
[Site "Budapest"]
[Date "1985.??.??"]
[Round "?"]
[White "Kindermann, Stefan"]
[Black "Doncevic, Dario"]
[Result "1-0"]
[WhiteElo "2490"]
[BlackElo "2340"]

1.e4 c5 2.Nf3 Nc6 3.d4 cxd4 4.Nxd4 Nf6 5.Nc3 d6 6.Bg5 e6 7.Qd2 a6 8.O-O-O h6
9.Bf4 Bd7 10.Bg3 Nxd4 11.Qxd4 e5 12.Qe3 Rc8 13.Kb1 Be7 14.f4 Qc7 15.Bd3 exf4
16.Bxf4 Be6 17.a3 Nh5 18.g3 Nxf4 19.gxf4 Bf6 20.f5 Bc4 21.Rhg1 Bxc3 22.bxc3 Qa5
23.Qd4 Bxd3 24.Rxd3 Qxa3 25.Rxg7 Rc5 26.c4 Qb4+ 27.Rb3 Qxc4 28.Qxc4 Rxc4
29.Rxb7 Rf8 30.Rg3 Kd8 31.Rd3 Kc8 32.Ra7 Re8 33.Rxd6 Rexe4 34.Rxh6 Kb8 35.Rxf7 Re1+
36.Kb2 Re2 37.Rh8+ Rc8 38.Rxc8+ Kxc8 39.f6 Rxh2 40.Ra7 Rf2  1-0

[Event "Alfoldi mem (Women)"]
[Site "Budapest"]
[Date "1985.??.??"]
[Round "?"]
[White "Szaday, Laszlone"]
[Black "Madl, Ildiko"]
[Result "0-1"]
[WhiteElo "1980"]
[BlackElo "2185"]

1.e4 c5 2.Nf3 d6 3.d4 cxd4 4.Nxd4 Nf6 5.Nc3 Nc6 6.Bg5 e6 7.Qd2 a6 8.O-O-O Bd7
9.f3 Be7 10.h4 b5 11.g4 Rc8 12.Kb1 Na5 13.Be3 Qc7 14.Bd3 Nc4 15.Bxc4 bxc4
16.g5 Nh5 17.f4 Rb8 18.Qf2 Qa5 19.Nde2 Bc6 20.Rh3 Qb4 21.Bc1 O-O 22.f5 Bd8
23.Qf3 g6 24.f6 Ba5 25.Ka1 Rb7 26.Rd4 Qc5 27.Rd1 Rfb8 28.Rf1 Qe5 29.Qe3 Bb6
30.Qf3 Ba5 31.Qe3 Bb4 32.Qf3 Ba3 33.b3 Bxc1 34.Rxc1 cxb3 35.cxb3 Rb4 36.Ng3 Nxg3
37.Qxg3 Rxe4 38.Qxe5 Rxe5 39.Rd3 Rd8 40.Kb2 h6 41.Rg1 d5 42.Rg4 Rf5 43.Rc4 Bd7
44.Rg4 Rc8 45.Ne4 Bb5 46.Nd6 Rf2+ 47.Ka3 Bxd3 48.Nxc8 Bb1 49.Nd6 e5 50.Rg1 Bc2
51.h5 hxg5 52.hxg6 Bxg6 53.Rxg5 Rxf6 54.Ne8 Rc6 55.Rxe5 Kf8 56.Kb4 d4  0-1

[Event "Budapest Elekes"]
[Site "Budapest"]
[Date "1985.??.??"]
[Round "?"]
[White "Lau, Ralf"]
[Black "Doncevic, Dario"]
[Result "1-0"]
[WhiteElo "2410"]
[BlackElo "2340"]

1.e4 c5 2.Nf3 Nc6 3.d4 cxd4 4.Nxd4 Nf6 5.Nc3 d6 6.Bg5 e6 7.Qd2 a6 8.O-O-O h6
9.Bf4 Bd7 10.Nxc6 Bxc6 11.Qe1 Qc7 12.e5 dxe5 13.Bxe5 Qb6 14.f3 Be7 15.Kb1 O-O
16.Qg3 Nh5 17.Qh3 Bf6 18.f4 Bxe5 19.fxe5 Nf4 20.Qg3 Nd5 21.Nxd5 exd5 22.Bd3 Rae8
23.Rhf1 Qc7 24.Rde1 Re6 25.Bf5 Re7 26.e6 Qxg3 27.hxg3 g6 28.exf7+ Rfxf7 29.Rxe7 Rxe7
30.Bxg6 Re2 31.g4 Rxg2 32.Bf5 Kg7 33.b3 a5 34.a4 Rg3 35.Re1 Rc3 36.Re7+ Kg8
37.Bc8 b5 38.Be6+ Kf8 39.Rc7  1-0

[Event "FIN-ch"]
[Site "Espoo"]
[Date "1985.??.??"]
[Round "?"]
[White "Kivisto, Mikko"]
[Black "Yrjola, Jouni"]
[Result "0-1"]
[WhiteElo "2250"]
[BlackElo "2500"]

1.e4 c5 2.Nf3 d6 3.d4 cxd4 4.Nxd4 Nf6 5.Nc3 Nc6 6.Bg5 e6 7.Qd2 a6 8.O-O-O h6
9.Bf4 Bd7 10.Nxc6 Bxc6 11.Qe1 Be7 12.e5 Nh5 13.Be3 Qc7 14.Be2 g6 15.Bxh5 gxh5
16.Bd4 Rg8 17.Rg1 O-O-O 18.Qe3 dxe5 19.Bxe5 Qa5 20.g3 h4 21.gxh4 Bc5 22.Qf4 Rxg1
23.Rxg1 Bxf2 24.Rf1 Bxh4 25.Kb1 Bg5 26.Qg3 f5 27.a3 Qc5 28.Re1 Qc4 29.Qf2 Qh4
30.Bg3 Qd4 31.Qe2 Re8 32.Rd1 Qe3 33.Qc4 f4 34.Re1 Qf3 35.Rxe6 Rxe6 36.Qxe6+ Kc7
37.Be1 Qe3 38.Qxe3 fxe3 39.Bg3+ Kd7 40.h4 Bf6 41.Bf4 h5 42.Bxe3 Bxh4 43.Ne2 Bf3
44.Nf4 Bg3 45.Kc1 h4 46.Kd2 Bg4 47.c4 h3 48.Nxh3 Bxh3 49.b4 Be6 50.Kd3 Be1
51.Ke2 Bh4 52.Kd3 Bf5+ 53.Kd2 Be7 54.Bd4 Kc6 55.Kc3 b5 56.a4 bxa4 57.Be5 Bh3
58.Bd4 Bf1 59.Be5 Bh4 60.b5+ axb5 61.cxb5+ Kxb5 62.Kb2 Be7 63.Bh8 Bh3 64.Bg7 Be6
65.Bh8 a3+ 66.Kb1 Kb4 67.Be5 Kb3 68.Bd4 Bg5 69.Ka1 Bf5  0-1

[Event "FIN-ch"]
[Site "Espoo"]
[Date "1985.??.??"]
[Round "?"]
[White "Raaste, Eero J"]
[Black "Pirttimaki, Timo"]
[Result "1-0"]
[WhiteElo "2340"]
[BlackElo "2340"]

1.e4 c5 2.Nf3 d6 3.d4 cxd4 4.Nxd4 Nf6 5.Nc3 Nc6 6.Bg5 Bd7 7.Be2 Qa5 8.Bxf6 gxf6
9.O-O e6 10.Ndb5 Rd8 11.Nxd6+ Bxd6 12.Qxd6 Bc8 13.Qf4 Ke7 14.Qe3 b6 15.Rad1 Nb4
16.Nb5 Ba6 17.Nd4 Bxe2 18.Qxe2 Qc5 19.c3 Nc6 20.Nb3 Qe5 21.f4 Qc7 22.Qc4 Rxd1
23.Rxd1 Rc8 24.Nd4 Nxd4 25.Qxc7+ Rxc7 26.Rxd4 e5 27.Rd5 Rc4 28.fxe5 Rxe4
29.exf6+ Kxf6 30.Kf2 Re7 31.c4 Rc7 32.b3 Ke6 33.a4 f5 34.Ke3 Rg7 35.g3 a6
36.Rd8 Ke5 37.Ra8 a5 38.Rd8 Re7 39.Kd3 Re6 40.Rd5+ Kf6 41.Rb5 h5 42.c5  1-0

[Event "FIN-ch"]
[Site "Espoo"]
[Date "1985.??.??"]
[Round "?"]
[White "Kivisto, Mikko"]
[Black "Maki, Veijo"]
[Result "0-1"]
[WhiteElo "2250"]
[BlackElo "2355"]

1.e4 c5 2.Nf3 Nc6 3.d4 cxd4 4.Nxd4 Nf6 5.Nc3 d6 6.Bg5 e6 7.Qd2 a6 8.O-O-O Bd7
9.Be2 Be7 10.Nb3 b5 11.Bxf6 gxf6 12.Bh5 b4 13.Ne2 Qb6 14.f4 a5 15.Kb1 a4
16.Nbd4 Qc5 17.f5 O-O 18.Bxf7+ Kxf7 19.fxe6+ Bxe6 20.Nxe6 Kxe6 21.Qd5+ Qxd5
22.exd5+ Kd7 23.dxc6+ Kxc6 24.Rd4 d5 25.Nf4 Rfd8 26.Rhd1 Bc5 27.R4d3 Rd6
28.Nxd5 Re8 29.c4 Re4 30.b3 a3 31.g3 h5 32.h4 Rde6 33.Kc2 Bd6 34.Rf3 Re2+
35.Rd2 Re1 36.Nxf6 Ra1 37.Kd3 Bxg3 38.Nd5 Bd6 39.Ne3 Be5 40.Nd5 Bd6 41.Ne3 Rh1
42.Nf5 Bc5 43.Kc2 Ra1 44.Kd3 Rc1 45.Rc2 Rxc2 46.Kxc2 Re2+ 47.Kd3 Rxa2 48.Rg3 Rf2
49.Rg6+ Kb7 50.Rg7+ Kb6 51.Rg6+ Kc7 52.Ke4 Rd2 53.Ng7 Kd7 54.Ra6 Bd4 55.Nf5 Bc3
56.Ra7+ Ke6 57.Ra6+ Kd7 58.Ra7+ Kd8 59.c5 a2 60.Ra8+ Kc7  0-1

[Event "Gausdal zt"]
[Site "Gausdal"]
[Date "1985.??.??"]
[Round "?"]
[White "Moen, Ole Christian"]
[Black "Schussler, Harry"]
[Result "0-1"]
[WhiteElo "2325"]
[BlackElo "2455"]

1.e4 c5 2.Nf3 d6 3.d4 cxd4 4.Nxd4 Nf6 5.Nc3 Nc6 6.Bg5 e6 7.Qd2 a6 8.O-O-O h6
9.Bh4 Nxe4 10.Qf4 g5 11.Nxc6 bxc6 12.Nxe4 gxf4 13.Bxd8 Kxd8 14.Nxd6 Bxd6
15.Rxd6+ Kc7 16.Rd2 c5 17.Bc4 Rg8 18.g3 Bb7 19.Rhd1 Bc6 20.b3 Rg5 21.a4 Rh5
22.gxf4 Rf5 23.Re1 Rxf4 24.Re5 Kb6 25.a5+ Kxa5 26.Rxc5+ Kb6 27.b4 a5 28.c3 axb4
29.cxb4 Kb7 30.Kb2 Rg8 31.Rc2 Rg5 32.Ra5 Bb5 33.Rxb5+ Rxb5 34.Bxb5 Rxb4+
35.Kc3 Rxb5 36.Kd4 Kb6 37.Ke4 Rh5 38.f3 Rh4+ 39.Ke5 Kb7 40.Rc3 Kb6 41.Rc2 Rh5+
42.Kf4 Rf5+ 43.Ke4 f6 44.Rc8 Rc5 45.Rf8 Re5+ 46.Kd4 Rf5 47.Ke4 Kc7 48.Rf7+ Kd8
49.Rh7 Rh5 50.Rf7 Re5+ 51.Kf4 Rf5+ 52.Kg3 Ke8 53.Rh7 Rg5+ 54.Kf2 Rh5 55.Kg3 Kf8
56.h4 Kg8 57.Re7 Re5 58.f4 Kf8 59.Rh7 Ra5 60.Kg4 Kg8 61.Rxh6 Kg7 62.Rh5 Ra3
63.Rb5 f5+ 64.Kh5 Kf6 65.Kh6 Ra4 66.h5 Rxf4 67.Rb8 Rg4 68.Kh7 f4 69.h6 e5
70.Rg8 Rh4 71.Rg6+ Kf5 72.Kg7 f3  0-1

[Event "NOR-ch"]
[Site "Gausdal"]
[Date "1985.??.??"]
[Round "6"]
[White "Bergstad, Odd Oyvind"]
[Black "Hatlebakk, Einar"]
[Result "1/2-1/2"]
[WhiteElo "2280"]
[BlackElo "2320"]

1.e4 c5 2.Nf3 d6 3.d4 cxd4 4.Nxd4 Nf6 5.Nc3 Nc6 6.Bg5 e6 7.Qd2 a6 8.O-O-O Bd7
9.g3 Be7 10.Bg2 Qc7 11.f4 Na5 12.Nf3 h6 13.Bh4 Rc8 14.Rhe1 Nc4 15.Qd4 b5
16.e5 dxe5 17.Nxe5 Bc5 18.Qd3 Nxe5 19.Rxe5 Be7 20.Re2 b4 21.Bxf6 bxc3 22.Be5 cxb2+
23.Kb1 Bb5 24.Bxc7 Bxd3 25.Bc6+ Kf8 26.Rxd3 Rxc7 27.Rb3 g6 28.Bb7 a5 29.Kxb2 a4
30.Rb5 a3+ 31.Kb3 Kg7 32.Rd2 Rb8 33.Ba6  1/2-1/2

[Event "Havana-A"]
[Site "Havana"]
[Date "1985.??.??"]
[Round "?"]
[White "Gufeld, Eduard"]
[Black "Fedorowicz, John P"]
[Result "1/2-1/2"]
[WhiteElo "2470"]
[BlackElo "2520"]

1.e4 c5 2.Nf3 d6 3.d4 cxd4 4.Nxd4 Nf6 5.Nc3 Nc6 6.Bg5 Qb6 7.Nb3 e6 8.Be2 Be7
9.O-O O-O 10.a4 Qc7 11.a5 h6 12.Bf4 Rd8 13.Qd2 Bd7 14.Rfd1 e5 15.Be3 Nb4
16.Bf3 Be6 17.Nd5 Nbxd5 18.exd5 Bf5 19.Rac1 Nd7 20.c4 b6 21.Be2 Nc5 22.Nxc5 dxc5
23.Ra1 Bd6  1/2-1/2

[Event "Havana-B"]
[Site "Havana"]
[Date "1985.??.??"]
[Round "8"]
[White "Garcia Martinez, Silvino"]
[Black "Zaltsman, Vitaly F"]
[Result "1/2-1/2"]
[WhiteElo "2430"]
[BlackElo "2410"]

1.e4 c5 2.Nf3 Nc6 3.d4 cxd4 4.Nxd4 Nf6 5.Nc3 d6 6.Bg5 e6 7.Qd2 a6 8.O-O-O Bd7
9.f4 b5 10.Bxf6 gxf6 11.Kb1 Qb6 12.Nce2 h5 13.g3 Rc8 14.Bg2 Na5 15.b3 Nc6
16.Nxc6 Qxc6 17.Nd4 Qc3 18.Qe2 Qc5  1/2-1/2

[Event "Jarvenpaa"]
[Site "Jarvenpaa"]
[Date "1985.??.??"]
[Round "?"]
[White "Ornstein, Axel"]
[Black "Csom, Istvan"]
[Result "1/2-1/2"]
[WhiteElo "2440"]
[BlackElo "2465"]

1.e4 c5 2.Nf3 d6 3.d4 cxd4 4.Nxd4 Nf6 5.Nc3 Nc6 6.Bg5 e6 7.Qd2 a6 8.O-O-O h6
9.Be3 Be7 10.f3 b5 11.h4 Ne5 12.g4  1/2-1/2